| 000 | 00407nam a22001697a 4500 | ||
|---|---|---|---|
| 005 | 20250618103120.0 | ||
| 008 | 250618b |||||||| |||| 00| 0 eng d | ||
| 020 |
_a9781847248398 _qpbk |
||
| 041 | _aeng | ||
| 082 | _a823.92 KIN | ||
| 100 | _aKing Caro | ||
| 245 |
_aSeven Sorcerers _c/ Caro King |
||
| 250 | _a1st ed | ||
| 260 |
_aLondon _bQuercus _c2009 |
||
| 300 |
_a371p. : _c22cm |
||
| 942 | _cENGLISH | ||
| 999 |
_c572655 _d572655 |
||